000 00790nam a2200205 a 4500
001 000029277
005 20240409073642.0
008 110414t1954 dr ac 001 0 spa d
040 _aDO-SdBNP
_bspa
_cBNPHU
082 _aF-RD 19
100 1 _aGonzález Peguero, Salvador E.
_956166
245 1 3 _aEl generalísimo Trujillo, incansable combatiente del comunismo. /
_cSalvador E. González Peguero ; presentación Pedro González-Blanco.
260 _aCiudad Trujillo, República Dominicana :
_bArte y Cine,
_c1954.
300 _a32 p. :
_bil., retr. ;
_c23 cm.
600 1 0 _aTrujillo Molina, Rafael Leónidas,
_d 1891-1961
_976764
650 4 _aMovimientos anticomunistas
_954053
700 1 _aGonzález-Blanco, Pedro
_944950
910 _aValidado. Control de calidad EMS.
049 _aBNPD
999 _c28769
_d28769